Telecommunications convergence : (Record no. 182601)
[ view plain ]
| 000 -LEADER | |
|---|---|
| fixed length control field | 00819 a2200217 4500 |
| 003 - CONTROL NUMBER IDENTIFIER | |
| control field | Nust |
| 005 - DATE AND TIME OF LATEST TRANSACTION | |
| control field | 20221209093223.0 |
| 010 ## - LIBRARY OF CONGRESS CONTROL NUMBER | |
| LC control number | 00701402 |
| 020 ## - INTERNATIONAL STANDARD BOOK NUMBER | |
| International Standard Book Number | 0071361073 |
| 035 ## - SYSTEM CONTROL NUMBER | |
| System control number | (OCoLC)ocm43673269 |
| 040 ## - CATALOGING SOURCE | |
| Transcribing agency | Nust |
| 082 ## - DEWEY DECIMAL CLASSIFICATION NUMBER | |
| Classification number | 621.382,SHE |
| 100 1# - MAIN ENTRY--PERSONAL NAME | |
| Personal name | Shepard, Steven. |
| 9 (RLIN) | 65350 |
| 245 10 - TITLE STATEMENT | |
| Title | Telecommunications convergence : |
| Remainder of title | how to profit from the convergence of technologies, services, and companies / |
| Statement of responsibility, etc. | Steven Shepard. |
| 260 ## - PUBLICATION, DISTRIBUTION, ETC. | |
| Place of publication, distribution, etc. | New York ; |
| -- | London : |
| Name of publisher, distributor, etc. | McGraw-Hill, |
| Date of publication, distribution, etc. | c2000. |
| 300 ## - PHYSICAL DESCRIPTION | |
| Extent | xlii, 373 p. : |
| Other physical details | ill. ; |
| Dimensions | 23 cm. |
| 440 #0 - SERIES STATEMENT/ADDED ENTRY--TITLE | |
| Title | McGraw-Hill telecom portable consultant |
| 9 (RLIN) | 104463 |
| 505 ## - FORMATTED CONTENTS NOTE | |
| Formatted contents note | The Technologies (Page-1), Company Convergence (Page-153), Services Convergence (Page-227), Redefining The Service Provider (Page-279). |
| 650 #0 - SUBJECT ADDED ENTRY--TOPICAL TERM | |
| Topical term or geographic name entry element | Telecommunication Engineering |
| 942 ## - ADDED ENTRY ELEMENTS (KOHA) | |
| Source of classification or shelving scheme | |
| Koha item type | Book |
| Withdrawn status | Lost status | Source of classification or shelving scheme | Damaged status | Not for loan | Permanent Location | Current Location | Shelving location | Date acquired | Full call number | Barcode | Date last seen | Price effective from | Koha item type | Public note |
|---|---|---|---|---|---|---|---|---|---|---|---|---|---|---|
| Military College of Signals (MCS) | Military College of Signals (MCS) | General Stacks | 12/12/2016 | 621.382,SHE | MCS28520 | 12/08/2016 | 12/12/2016 | Book | Almirah No.35, Shelf No.5 |
